[Event "FIDE Chesscom Grand Swiss 2019"]
[Site "Douglas-Isle of Man"]
[Date "2019.10.19"]
[Round "9.31"]
[White "Sevian, Samuel"]
[Black "Baron, Tal"]
[Result "1-0"]
[WhiteElo "2654"]
[BlackElo "2531"]
[Annotator "TA"]
[PlyCount "61"]
[EventDate "2019.10.10"]
[EventType "swiss"]
[EventCountry "GBR"]
[SourceTitle "playchess.com"]
[Source "ChessBase"]
[SourceQuality "1"]

{[%evp 20,61,41,45,43,29,39,29,50,16,84,75,98,105,155,163,215,202,190,203,313,305,377,373,456,439,417,415,433,390,370,350,354,347,440,440,541,525,1529,1529,1375,1344,1261,1203]} 1. e4 c5 2. Nf3 Nc6 3. Nc3 g6 4. d4 cxd4 5. Nxd4 Bg7 6. Be3 Nf6 7. Nxc6 bxc6 8. e5 Nd5 9. Nxd5 cxd5 10. Qxd5 Rb8 11. O-O-O Bb7 {B34: Sicilian: Accelerated Dragon with 5 Nc3: sidelines} 12. Qc5 {aiming for Rxd7.} O-O 13. c3 Bc6 {White has an edge.} (13... Rc8 14. Qb4 Qc7 15. f4 d6 16. exd6 exd6 17. Bd4 Bh6 18. Kb1 Rb8 19. Bxa7 {1-0 (39) Sindarov,J (2484)-Aravindh,C (2578) Manavgat 2018}) 14. f4 ({Don't play} 14. Qxa7 Ra8 $15) 14... e6 $146 (14... Qe8 $11 {remains equal.}) ({Predecessor:} 14... Re8 15. h4 Qc8 16. h5 Qb7 17. Rd2 d6 18. Qa5 dxe5 19. hxg6 hxg6 20. fxe5 {½-½ (68) Salimova,N (2352)-Belic,J (2231) Valjevo 2018}) 15. Rd2 Bd5 16. Rxd5 exd5 17. Qxd5 d6 (17... Qc7 $142) 18. Qxd6 $18 ({Resist} 18. exd6 $6 Re8 $16) 18... Qxd6 19. exd6 Rfe8 (19... Rfd8 {might work better.} 20. Bxa7 Ra8) 20. Bxa7 Ra8 21. Bb5 Red8 22. Bc5 Rxa2 23. Kb1 Rda8 24. Bc6 R8a6 25. d7 Bf6 {Strongly threatening ...Ra1+.} 26. Bb5 R6a5 {[#] ...Ra1+ is the strong threat.} 27. Bb4 $1 {White is clearly winning.} Ra8 {And now ...Ra1+ would win.} 28. Kc2 Rb8 29. Re1 {White threatens Re8+ and mate.} Kg7 30. Re8 {White wants to mate with Bf8+.} Bd8 31. c4 {Accuracy: White = 86%, Black = 41%.} 1-0

[Event "FIDE Chesscom Grand Swiss 2019"]
[Site "Douglas-Isle of Man"]
[Date "2019.10.19"]
[Round "9.31"]
[White "Efimenko, Zahar"]
[Black "Lei, Tingjie"]
[Result "1/2-1/2"]
[WhiteElo "2604"]
[BlackElo "2469"]
[Annotator "ChessBase"]
[PlyCount "106"]
[EventDate "2019.10.10"]
[EventType "swiss"]
[EventCountry "GBR"]
[SourceTitle "playchess.com"]
[Source "ChessBase"]
[SourceQuality "1"]
[TimeControl "40/6000+30:20/3000+30:900+30"]

1. Nf3 {[%emt 0:00:07]} d5 {[%emt 0:00:00]} 2. b3 {[%emt 0:00:16]} Nf6 {[%emt 0:00:18]} 3. g3 {[%emt 0:01:34]} e6 {[%emt 0:00:15]} 4. Bg2 {[%emt 0:01:09]} Be7 {[%emt 0:00:07]} 5. O-O {[%emt 0:01:09]} O-O {[%emt 0:00:06]} 6. c4 {[%emt 0:01:29]} b6 {[%emt 0:00:14]} 7. cxd5 {[%emt 0:00:45]} Nxd5 {[%emt 0:00:04]} 8. d4 {[%emt 0:00:24]} Bb7 {[%emt 0:00:09]} 9. Bb2 {[%emt 0:00:56]} Nd7 {[%emt 0:00:17]} 10. Nbd2 {[%emt 0:00:34]} c5 {[%emt 0:00:36]} 11. e4 {[%emt 0:01:08]} Nb4 {[%emt 0:08:58]} 12. Qe2 {[%emt 0:01:01]} Nc2 {[%emt 0:08:33]} 13. Rad1 {[%emt 0:02:36]} Nxd4 {[%emt 0:00:57]} 14. Nxd4 {[%emt 0:00:21]} cxd4 {[%emt 0:00:03]} 15. Bxd4 {[%emt 0:00:06]} Rc8 {[%emt 0:04:43]} 16. Qg4 {[%emt 0:14:20]} g6 {[%emt 0:03:02]} 17. e5 {[%emt 0:07:56]} Bxg2 {[%emt 0:11:16]} 18. Kxg2 {[%emt 0:00:13]} Rc2 {[%emt 0:02:41]} 19. a4 {[%emt 0:02:33]} Qc7 {[%emt 0:04:40]} 20. Qe4 {[%emt 0:08:16]} Rc8 {[%emt 0:07:58]} 21. Nc4 {[%emt 0:03:37]} Qc6 {[%emt 0:03:08]} 22. Qxc6 {[%emt 0:07:56]} Rxc6 {[%emt 0:00:04]} 23. Rc1 {[%emt 0:00:52]} Rxc1 {[%emt 0:05:11]} 24. Rxc1 {[%emt 0:00:41]} a6 {[%emt 0:01:27]} 25. Rc2 {[%emt 0:06:48]} b5 {[%emt 0:05:39]} 26. axb5 {[%emt 0:00:11]} axb5 {[%emt 0:00:03]} 27. Ne3 {[%emt 0:00:12]} Rxc2 {[%emt 0:00:41]} 28. Nxc2 {[%emt 0:00:04]} Kf8 {[%emt 0:02:56]} 29. f4 {[%emt 0:02:10]} Ke8 {[%emt 0:02:03]} 30. Kf3 {[%emt 0:01:37]} Kd8 {[%emt 0:02:36]} 31. Be3 {[%emt 0:00:32]} Bc5 {[%emt 0:07:32]} 32. Bxc5 {[%emt 0:04:57]} Nxc5 {[%emt 0:00:04]} 33. b4 {[%emt 0:00:54]} Na6 {[%emt 0:01:55]} 34. Ke4 {[%emt 0:00:37]} Ke7 {[%emt 0:03:42]} 35. g4 {[%emt 0:00:30]} Nc7 {[%emt 0:02:51]} 36. h4 {[%emt 0:02:38]} h5 {[%emt 0:09:55]} 37. gxh5 {[%emt 0:04:05]} gxh5 {[%emt 0:00:04]} 38. f5 {[%emt 0:00:42]} f6 {[%emt 0:07:25]} 39. fxe6 {[%emt 0:11:45]} Nxe6 {[%emt 0:02:36]} 40. Kf5 {[%emt 0:05:02]} fxe5 {[%emt 0:00:09]} 41. Kxe5 {[%emt 0:50:05]} Nc7 {[%emt 0:14:33]} 42. Kf5 {[%emt 0:00:00]} Nd5 {[%emt 0:01:25]} 43. Kg5 {[%emt 0:00:00]} Kf7 {[%emt 0:06:09]} 44. Kxh5 {[%emt 0:00:00]} Kg7 {[%emt 0:00:03]} 45. Kg5 {[%emt 0:00:00]} Kh7 {[%emt 0:00:23]} 46. h5 {[%emt 0:00:00]} Kg7 {[%emt 0:00:04]} 47. h6+ {[%emt 0:00:00]} Kh7 {[%emt 0:00:03]} 48. Nd4 {[%emt 0:00:00]} Nxb4 {[%emt 0:00:16]} 49. Nxb5 {[%emt 0:00:00]} Nc6 {[%emt 0:02:02]} 50. Nd6 {[%emt 0:00:00]} Ne7 {[%emt 0:02:24]} 51. Ne4 {[%emt 0:00:00]} Ng8 {[%emt 0:00:06]} 52. Nf6+ {[%emt 0:00:00]} Nxf6 {[%emt 0:00:04]} 53. Kxf6 {[%emt 0:00:00]} Kxh6 {[%emt 0:00:05]} 1/2-1/2

[Event "FIDE Chesscom Grand Swiss 2019"]
[Site "Douglas-Isle of Man"]
[Date "2019.10.19"]
[Round "9.32"]
[White "Melkumyan, Hrant"]
[Black "Gukesh D"]
[Result "1/2-1/2"]
[WhiteElo "2650"]
[BlackElo "2520"]
[Annotator "ChessBase"]
[PlyCount "154"]
[EventDate "2019.10.10"]
[EventType "swiss"]
[EventCountry "GBR"]
[SourceTitle "playchess.com"]
[Source "ChessBase"]
[SourceQuality "1"]
[TimeControl "40/6000+30:20/3000+30:900+30"]

1. d4 {[%emt 0:00:00]} d5 {[%emt 0:00:06]} 2. c4 {[%emt 0:00:03]} e6 {[%emt 0:00:18]} 3. Nf3 {[%emt 0:00:14]} Nf6 {[%emt 0:00:11]} 4. Nc3 {[%emt 0:00:16]} Be7 {[%emt 0:00:40]} 5. Bg5 {[%emt 0:01:17]} O-O {[%emt 0:02:31]} 6. e3 {[%emt 0:00:49]} Nbd7 {[%emt 0:02:04]} 7. cxd5 {[%emt 0:06:18]} Nxd5 {[%emt 0:10:44]} 8. Bxe7 {[%emt 0:00:52]} Qxe7 {[%emt 0:03:33]} 9. Rc1 {[%emt 0:00:36]} Nxc3 {[%emt 0:11:13]} 10. Rxc3 {[%emt 0:01:41]} c5 {[%emt 0:07:19]} 11. Bd3 {[%emt 0:01:59]} cxd4 {[%emt 0:09:50]} 12. Nxd4 {[%emt 0:01:15]} Nf6 {[%emt 0:00:52]} 13. O-O {[%emt 0:04:20]} e5 {[%emt 0:08:15]} 14. Nf5 {[%emt 0:06:56]} Qd8 {[%emt 0:09:34]} 15. Qf3 {[%emt 0:12:58]} g6 {[%emt 0:06:08]} 16. Ng3 {[%emt 0:01:42]} Qe7 {[%emt 0:01:17]} 17. h3 {[%emt 0:15:29]} Be6 {[%emt 0:02:19]} 18. Rfc1 {[%emt 0:06:25]} Rac8 {[%emt 0:02:34]} 19. Ne4 {[%emt 0:03:03]} Nxe4 {[%emt 0:02:19]} 20. Qxe4 {[%emt 0:00:13]} Bf5 {[%emt 0:06:56]} 21. Qa4 {[%emt 0:00:28]} Qd7 {[%emt 0:04:09]} 22. Qxd7 {[%emt 0:02:23]} Bxd7 {[%emt 0:00:07]} 23. Be4 {[%emt 0:01:34]} b6 {[%emt 0:03:48]} 24. Rc7 {[%emt 0:00:46]} Be6 {[%emt 0:02:56]} 25. a3 {[%emt 0:01:18]} Rfd8 {[%emt 0:00:26]} 26. b4 {[%emt 0:04:50]} Kg7 {[%emt 0:05:50]} 27. R1c6 {[%emt 0:10:31]} Rxc7 {[%emt 0:00:52]} 28. Rxc7 {[%emt 0:00:04]} Rd7 {[%emt 0:02:03]} 29. Rc3 {[%emt 0:00:05]} Rd1+ {[%emt 0:01:15]} 30. Kh2 {[%emt 0:00:02]} Rd2 {[%emt 0:00:35]} 31. Kg3 {[%emt 0:00:12]} Kf6 {[%emt 0:02:21]} 32. h4 {[%emt 0:00:08]} Ke7 {[%emt 0:01:15]} 33. Bd3 {[%emt 0:05:07]} Kd6 {[%emt 0:01:23]} 34. Bb5 {[%emt 0:02:19]} Bd7 {[%emt 0:00:33]} 35. Ba6 {[%emt 0:00:17]} f5 {[%emt 0:00:22]} 36. Bd3 {[%emt 0:04:26]} Bc6 {[%emt 0:00:44]} 37. f3 {[%emt 0:01:42]} Bd7 {[%emt 0:00:30]} 38. Bc4 {[%emt 0:00:51]} h6 {[%emt 0:00:22]} 39. f4 {[%emt 0:01:43]} exf4+ {[%emt 0:00:39]} 40. exf4 {[%emt 0:00:03]} Bc6 {[%emt 0:00:12]} 41. Rd3+ {[%emt 0:50:45]} Rxd3+ {[%emt 0:50:07]} 42. Bxd3 {[%emt 0:00:03]} Ke6 {[%emt 0:00:00]} 43. Kf2 {[%emt 0:00:00]} Kf6 {[%emt 0:00:00]} 44. g3 {[%emt 0:00:00]} g5 {[%emt 0:00:00]} 45. Ke3 {[%emt 0:00:00]} gxh4 {[%emt 0:00:00]} 46. gxh4 {[%emt 0:00:00]} Ke6 {[%emt 0:00:00]} 47. Kd4 {[%emt 0:00:00]} Bd7 {[%emt 0:00:00]} 48. Kc4 {[%emt 0:00:00]} Kd6 {[%emt 0:00:00]} 49. Bc2 {[%emt 0:00:00]} Ke6 {[%emt 0:00:00]} 50. a4 {[%emt 0:00:00]} Kd6 {[%emt 0:00:00]} 51. a5 {[%emt 0:00:00]} Ke6 {[%emt 0:00:00]} 52. Bd1 {[%emt 0:00:00]} Kd6 {[%emt 0:00:00]} 53. Bf3 {[%emt 0:00:00]} Ke6 {[%emt 0:00:00]} 54. Bh1 {[%emt 0:00:00]} Kd6 {[%emt 0:00:00]} 55. Bb7 {[%emt 0:00:00]} Kc7 {[%emt 0:00:00]} 56. Ba6 {[%emt 0:00:00]} Kd6 {[%emt 0:00:00]} 57. Bb5 {[%emt 0:00:00]} Be6+ {[%emt 0:00:36]} 58. Kd4 {[%emt 0:00:00]} Bc8 {[%emt 0:00:38]} 59. Ba4 {[%emt 0:00:00]} Be6 {[%emt 0:01:27]} 60. Be8 {[%emt 0:00:00]} Bc8 {[%emt 0:00:44]} 61. Bf7 {[%emt 0:00:00]} Bd7 {[%emt 0:17:53]} 62. Kc4 {[%emt 0:00:00]} Kc6 {[%emt 0:01:36]} 63. Bh5 {[%emt 0:00:00]} Be6+ {[%emt 0:01:38]} 64. Kd4 {[%emt 0:00:00]} Kd6 {[%emt 0:00:05]} 65. Bd1 {[%emt 0:00:00]} Bc8 {[%emt 0:01:02]} 66. Bc2 {[%emt 0:00:00]} Be6 {[%emt 0:00:27]} 67. Ba4 {[%emt 0:00:08]} Bc8 {[%emt 0:00:21]} 68. Bb5 {[%emt 0:00:14]} Be6 {[%emt 0:00:57]} 69. Ba6 {[%emt 0:00:06]} Bd7 {[%emt 0:00:35]} 70. Bb7 {[%emt 0:00:07]} Be6 {[%emt 0:00:38]} 71. Ba8 {[%emt 0:00:06]} Bc8 {[%emt 0:00:48]} 72. Bd5 {[%emt 0:01:18]} Bd7 {[%emt 0:00:29]} 73. Ba2 {[%emt 0:00:12]} Bc8 {[%emt 0:00:21]} 74. Bg8 {[%emt 0:00:06]} Bd7 {[%emt 0:00:21]} 75. Kc4 {[%emt 0:00:04]} Kc6 {[%emt 0:00:19]} 76. Bd5+ {[%emt 0:01:59]} Kd6 {[%emt 0:00:08]} 77. Bf3 {[%emt 0:00:51]} Ke6 {[%emt 0:00:20]} 1/2-1/2

[Event "FIDE Chesscom Grand Swiss 2019"]
[Site "Douglas-Isle of Man"]
[Date "2019.10.19"]
[Round "9.32"]
[White "Henderson de La Fuente, Lance"]
[Black "Gavrilescu, David"]
[Result "1-0"]
[WhiteElo "2494"]
[BlackElo "2451"]
[Annotator "ChessBase"]
[PlyCount "101"]
[EventDate "2019.10.10"]
[EventType "swiss"]
[EventCountry "GBR"]
[SourceTitle "playchess.com"]
[Source "ChessBase"]
[SourceQuality "1"]
[TimeControl "40/6000+30:20/3000+30:900+30"]

1. e4 {[%emt 0:00:00]} e6 {[%emt 0:00:04]} 2. d4 {[%emt 0:00:00]} d5 {[%emt 0:00:27]} 3. Nd2 {[%emt 0:00:21]} c5 {[%emt 0:00:50]} 4. Ngf3 {[%emt 0:00:40]} cxd4 {[%emt 0:00:40]} 5. Nxd4 {[%emt 0:00:24]} Nc6 {[%emt 0:00:55]} 6. Bb5 {[%emt 0:01:18]} Bd7 {[%emt 0:00:37]} 7. Nxc6 {[%emt 0:00:41]} bxc6 {[%emt 0:00:45]} 8. Bd3 {[%emt 0:00:09]} Qc7 {[%emt 0:00:24]} 9. Qe2 {[%emt 0:01:08]} Ne7 {[%emt 0:00:44]} 10. O-O {[%emt 0:00:32]} Ng6 {[%emt 0:00:22]} 11. Nf3 {[%emt 0:00:31]} Be7 {[%emt 0:00:24]} 12. e5 {[%emt 0:04:44]} c5 {[%emt 0:01:10]} 13. c3 {[%emt 0:02:43]} h6 {[%emt 0:00:55]} 14. h4 {[%emt 0:11:24]} Nxh4 {[%emt 0:14:14]} 15. Nxh4 {[%emt 0:00:10]} Bxh4 {[%emt 0:00:07]} 16. Qg4 {[%emt 0:00:09]} c4 {[%emt 0:01:00]} 17. Bc2 {[%emt 0:02:17]} Bg5 {[%emt 0:03:04]} 18. f4 {[%emt 0:02:02]} Be7 {[%emt 0:08:09]} 19. Qxg7 {[%emt 0:00:36]} Bc5+ {[%emt 0:00:56]} 20. Kh2 {[%emt 0:01:10]} O-O-O {[%emt 0:00:14]} 21. Qxf7 {[%emt 0:03:08]} h5 {[%emt 0:06:32]} 22. b4 {[%emt 0:32:45]} Rdf8 {[%emt 0:12:44]} 23. Qg7 {[%emt 0:01:02]} Rhg8 {[%emt 0:01:08]} 24. Qh7 {[%emt 0:01:09]} Bb6 {[%emt 0:09:14]} 25. Qe7 {[%emt 0:01:55]} Re8 {[%emt 0:14:45]} 26. Qf6 {[%emt 0:00:40]} Bc6 {[%emt 0:02:53]} 27. Bg6 {[%emt 0:10:00]} Ref8 {[%emt 0:12:41]} 28. Qxe6+ {[%emt 0:00:25]} Bd7 {[%emt 0:00:09]} 29. Qe7 {[%emt 0:00:14]} Qc6 {[%emt 0:00:43]} 30. f5 {[%emt 0:02:11]} Bd8 {[%emt 0:04:50]} 31. b5 {[%emt 0:02:25]} Qb6 {[%emt 0:08:27]} 32. Qa3 {[%emt 0:01:38]} Bc7 {[%emt 0:01:17]} 33. Qe7 {[%emt 0:03:16]} Bd8 {[%emt 0:00:19]} 34. Qa3 {[%emt 0:01:38]} Bc7 {[%emt 0:00:13]} 35. Bg5 {[%emt 0:04:16]} Bxe5+ {[%emt 0:01:31]} 36. Kh1 {[%emt 0:00:01]} Bd6 {[%emt 0:00:37]} 37. Qc1 {[%emt 0:01:06]} h4 {[%emt 0:03:21]} 38. Qd2 {[%emt 0:07:08]} Qb7 {[%emt 0:00:33]} 39. Rad1 {[%emt 0:01:54]} Kc7 {[%emt 0:00:56]} 40. Bh6 {[%emt 0:04:33]} Rf6 {[%emt 0:00:29]} 41. Qd4 {[%emt 0:52:05]} Rfxg6 {[%emt 0:12:03]} 42. fxg6 {[%emt 0:00:00]} Rxg6 {[%emt 0:00:14]} 43. Bf4 {[%emt 0:00:00]} h3 {[%emt 0:07:21]} 44. Bxd6+ {[%emt 0:00:00]} Kxd6 {[%emt 0:01:43]} 45. Rf6+ {[%emt 0:00:00]} Rxf6 {[%emt 0:02:58]} 46. Qxf6+ {[%emt 0:00:00]} Kc5 {[%emt 0:02:37]} 47. Qe7+ {[%emt 0:00:00]} Kb6 {[%emt 0:00:06]} 48. Qd6+ {[%emt 0:00:00]} Ka5 {[%emt 0:00:05]} 49. Rxd5 {[%emt 0:00:00]} hxg2+ {[%emt 0:01:59]} 50. Kg1 {[%emt 0:00:00]} Bxb5 {[%emt 0:01:06]} 51. a4 {[%emt 0:00:00]} 1-0

[Event "FIDE Chesscom Grand Swiss 2019"]
[Site "Douglas-Isle of Man"]
[Date "2019.10.19"]
[Round "9.33"]
[White "Abdusattorov, Nodirbek"]
[Black "Bu, Xiangzhi"]
[Result "1/2-1/2"]
[WhiteElo "2608"]
[BlackElo "2721"]
[Annotator "TA"]
[PlyCount "60"]
[EventDate "2019.10.10"]
[EventType "swiss"]
[EventCountry "GBR"]
[SourceTitle "playchess.com"]
[Source "ChessBase"]
[SourceQuality "1"]

{[%evp 15,60,29,19,25,33,23,22,14,16,20,19,17,18,9,25,0,31,14,39,30,35,20,23,11,15,14,16,16,13,13,13,13,11,9,14,0,0,0,0,0,0,0,0,0,0,0,0]} 1. e4 e5 2. Nf3 Nf6 3. Nxe5 d6 4. Nf3 Nxe4 5. Nc3 Nxc3 6. dxc3 Be7 7. Be3 Nc6 8. Qd2 Be6 9. O-O-O {C42: Petroff Defence: 3 Nxe5 and unusual White 3rd moves} Qd7 ({Don't blunder} 9... Bxa2 $2 10. b3 $18) 10. Kb1 Bf6 11. Bg5 Bxg5 12. Nxg5 O-O-O 13. Nxe6 Qxe6 14. Bb5 Qf5 {[#]} 15. Bd3 $146 ({Predecessor:} 15. Bxc6 bxc6 16. Rhe1 Rhe8 {½-½ (45) Hou,Y (2680)-Wei,Y (2743) Wijk aan Zee 2018}) 15... Qf6 16. f4 d5 17. Rhe1 h5 18. Re2 h4 19. Qe3 d4 {The position is equal.} 20. cxd4 Rxd4 21. g3 hxg3 22. hxg3 Rhd8 23. Red2 a6 24. c3 R4d6 25. Be4 Rxd2 26. Rxd2 Rxd2 27. Qxd2 Ne7 28. Qd3 c6 29. Kc2 Kc7 30. a3 g5 {Accuracy: White = 51%, Black = 77%.} 1/2-1/2

[Event "FIDE Chesscom Grand Swiss 2019"]
[Site "Douglas-Isle of Man"]
[Date "2019.10.19"]
[Round "9.33"]
[White "Prithu Gupta"]
[Black "Erenberg, Ariel"]
[Result "0-1"]
[WhiteElo "2493"]
[BlackElo "2463"]
[Annotator "ChessBase"]
[PlyCount "88"]
[EventDate "2019.10.10"]
[EventType "swiss"]
[EventCountry "GBR"]
[SourceTitle "playchess.com"]
[Source "ChessBase"]
[SourceQuality "1"]
[TimeControl "40/6000+30:20/3000+30:900+30"]

1. c4 {[%emt 0:00:00]} Nf6 {[%emt 0:00:00]} 2. Nc3 {[%emt 0:00:00]} e5 {[%emt 0:00:00]} 3. Nf3 {[%emt 0:00:00]} Nc6 {[%emt 0:00:00]} 4. e4 {[%emt 0:00:00]} Bb4 {[%emt 0:00:00]} 5. d3 {[%emt 0:00:04]} d6 {[%emt 0:00:18]} 6. a3 {[%emt 0:00:10]} Bc5 {[%emt 0:00:23]} 7. b4 {[%emt 0:00:06]} Bb6 {[%emt 0:00:05]} 8. Na4 {[%emt 0:00:05]} Bd4 {[%emt 0:00:36]} 9. Nxd4 {[%emt 0:00:06]} Nxd4 {[%emt 0:00:05]} 10. Nc3 {[%emt 0:00:08]} a5 {[%emt 0:08:25]} 11. b5 {[%emt 0:03:25]} c6 {[%emt 0:07:05]} 12. a4 {[%emt 0:07:46]} O-O {[%emt 0:04:48]} 13. Ne2 {[%emt 0:28:27]} Nxe2 {[%emt 0:24:58]} 14. Bxe2 {[%emt 0:00:05]} d5 {[%emt 0:00:23]} 15. exd5 {[%emt 0:01:25]} cxd5 {[%emt 0:02:58]} 16. O-O {[%emt 0:02:28]} Be6 {[%emt 0:03:07]} 17. c5 {[%emt 0:01:26]} Rc8 {[%emt 0:07:06]} 18. d4 {[%emt 0:11:08]} Ne4 {[%emt 0:03:48]} 19. Bb2 {[%emt 0:01:27]} exd4 {[%emt 0:04:00]} 20. Qxd4 {[%emt 0:03:26]} Qf6 {[%emt 0:00:11]} 21. Qxf6 {[%emt 0:08:53]} gxf6 {[%emt 0:05:02]} 22. b6 {[%emt 0:10:16]} f5 {[%emt 0:15:57]} 23. Rfe1 {[%emt 0:20:35]} Rfd8 {[%emt 0:09:05]} 24. Bd4 {[%emt 0:09:51]} Nxc5 {[%emt 0:01:09]} 25. Ra3 {[%emt 0:00:26]} Ne4 {[%emt 0:02:50]} 26. Bb5 {[%emt 0:00:43]} f4 {[%emt 0:06:28]} 27. Rf3 {[%emt 0:00:24]} Rc2 {[%emt 0:01:04]} 28. Rxf4 {[%emt 0:00:20]} Rdc8 {[%emt 0:00:20]} 29. f3 {[%emt 0:00:43]} Rc1 {[%emt 0:00:43]} 30. Kf1 {[%emt 0:00:02]} Nd2+ {[%emt 0:01:28]} 31. Kf2 {[%emt 0:00:12]} Rxe1 {[%emt 0:01:10]} 32. Kxe1 {[%emt 0:00:03]} Nb3 {[%emt 0:00:14]} 33. Be5 {[%emt 0:00:16]} Rc2 {[%emt 0:00:50]} 34. Kf1 {[%emt 0:01:59]} Nd2+ {[%emt 0:00:48]} 35. Ke1 {[%emt 0:00:21]} Nb3 {[%emt 0:00:31]} 36. Bd6 {[%emt 0:00:32]} d4 {[%emt 0:01:24]} 37. Re4 {[%emt 0:00:40]} h5 {[%emt 0:00:35]} 38. Re5 {[%emt 0:00:21]} Kg7 {[%emt 0:00:31]} 39. Rxh5 {[%emt 0:00:25]} Rxg2 {[%emt 0:00:27]} 40. f4 {[%emt 0:00:35]} f6 {[%emt 0:00:30]} 41. Bd3 {[%emt 0:50:40]} Nc1 {[%emt 0:50:32]} 42. Kf1 {[%emt 0:00:00]} Ra2 {[%emt 0:00:00]} 43. Be4 {[%emt 0:00:00]} Bc4+ {[%emt 0:00:00]} 44. Kg1 {[%emt 0:00:00]} d3 {[%emt 0:00:00]} 0-1

[Event "FIDE Chesscom Grand Swiss 2019"]
[Site "Douglas-Isle of Man"]
[Date "2019.10.19"]
[Round "9.34"]
[White "Harikrishna, Pentala"]
[Black "Durarbayli, Vasif"]
[Result "1-0"]
[WhiteElo "2748"]
[BlackElo "2617"]
[Annotator "TA"]
[PlyCount "115"]
[EventDate "2019.10.10"]
[EventType "swiss"]
[EventCountry "GBR"]
[SourceTitle "playchess.com"]
[Source "ChessBase"]
[SourceQuality "1"]

{[%evp 21,137,18,37,20,18,20,55,36,61,47,70,78,59,-31,-31,-71,-27,-79,-37,-37,-18,-27,-4,-8,-16,-6,-10,-15,-14,-8,-5,-7,-8,-15,-14,-10,74,0,0,0,37,34,54,49,44,47,88,95,123,85,221,171,138,39,43,0,60,79,74,68,79,104,127,24,23,23,114,110,125,107,193,184,225,236,253,185,172,185,189,188,376,431,411,387,389,389,414,406,632,581,694,671,840,825,818,818,811,811,1580,4025,3255,1990,4084,4073,4092,4092,4092,4091,4076,822,1541,1541,1910,837,4137,3262,4137,3891]} 1. d4 Nf6 2. c4 e6 3. g3 c5 4. d5 exd5 5. cxd5 d6 6. Nc3 g6 7. Bg2 Bg7 8. Nf3 O-O 9. O-O Re8 10. Re1 a6 11. a4 Nbd7 12. Bf4 {A63: Modern Benoni: Fianchetto Variation: 9...Nbd7} (12. h3 Rb8 13. Bf4 Qc7 14. a5 b5 15. axb6 Nxb6 16. Rc1 Ne4 17. Nxe4 Rxe4 18. b3 a5 19. Nd2 Rd4 20. e4 Ba6 21. Be3 Rb4 {0-1 (38) Xiong,J (2652)-Vachier Lagrave,M (2795) chess.com INT 2017}) 12... Ng4 13. a5 $146 ({Predecessor:} 13. h3 Nge5 14. Nd2 Rb8 15. a5 b5 16. axb6 Rxb6 17. Qc2 Rb4 18. Ra4 Rb8 19. Ra2 Nb6 {0-1 (54) Zhao,X (2478)-Abdumalik,Z (2473) Khanty-Mansiysk 2018}) 13... Qe7 14. Na4 {White is slightly better.} Rb8 15. Rb1 Nge5 16. b4 cxb4 17. Bd2 ({White should play} 17. Rxb4 $14 Nxf3+ 18. Bxf3) 17... b5 $36 {[%mdl 2048] Black is more active.} 18. Nb2 Nc5 {[%cal Bd7c5,Bc5e4,Be4f2][%mdl 32] aiming for ...Nxf3+.} 19. Bxb4 (19. Nxe5 $11 {keeps the balance.} Qxe5 20. Nd3) 19... Bf5 20. Nxe5 $1 Qxe5 {[#]} ({Don't blunder} 20... dxe5 $2 21. e4 $18) 21. e4 $1 {[%cal Re4f5][%mdl 512]} Nxe4 22. g4 {[#]} Nxf2 $1 {[%mdl 512]} 23. Rxe5 (23. Kxf2 Qf4+) 23... Nxd1 24. Rxe8+ Rxe8 25. Rxd1 Bxg4 26. Rd2 Re1+ 27. Kf2 Rb1 28. Nd3 Bd4+ 29. Kg3 Bf5 30. Bxd6 Rb3 (30... Bc3 $5 {[%cal Rc3d2]} 31. Re2 (31. Rc2 b4 $11) 31... Bxd3 32. Re8+ Kg7 33. Bf8+ Kf6 34. Be7+ Kg7 35. Bf8+ Kf6 36. Be7+ Kg7 37. Bf8+ $11) 31. Bf1 Be4 32. Kf4 Bxd5 33. Be5 Bg1 34. Bf6 $1 h6 35. Ke5 Bc4 (35... Be3 $16) 36. h4 {And now Nb2 would win.} Kh7 37. Ke4 (37. Kd6 $1 $16) 37... Be6 38. Ke5 Rb1 (38... Bc4 $11) 39. Bg2 $14 {Threatens to win with Nf4.} Bh2+ 40. Nf4 {Black must now prevent Rd8.} Rc1 $1 {[%cal Rc1c5] With the idea ...Rc5+.} 41. Rd8 $1 {[%csl Gf6][%cal Rd8h8]} Rc8 42. Rxc8 (42. Bb7 $16 Rxd8 43. Bxd8) 42... Bxc8 $11 43. Bd5 Kg8 (43... Bf5 $1 $11 {remains equal.}) 44. Ke4 $1 $16 Kf8 45. Kf3 Bg1 (45... h5 $16 {was necessary.}) 46. Nd3 $1 $18 g5 47. h5 g4+ 48. Kg3 Be3 49. Ne5 Bd2 50. Nxf7 Bxa5 $2 (50... Bd7 51. Ne5 Be1+ 52. Kg2 Bc8 53. Ng6+ Ke8) 51. Nxh6 Be1+ 52. Kg2 b4 {[#]} 53. Nf7 $1 Bc3 {[#]} 54. Ne5 $1 {[%cal Re5g6] Strongly threatening Ng6+.} Bf5 (54... Bd2 $142 55. Kf2 Bf5) 55. h6 {White is clearly winning.} a5 56. Bb3 Ke8 57. Kg3 Bd2 58. Bf7+ {Played: Ne5-c4} 1-0